000 01220nam a2200289 a 4500
003 BLK
005 20250428174341.0
008 200916b bu |||||r|||| 00| | bu d
020 _a9786191994410
020 _a3800083826156
040 _aBLK
041 _aBUL
_cBUL
080 _aИталианска литература
_b821.131.1
_z821.131.1-93-312.9
100 1 _aБакаларио, Пиердоменико
_935513
139 _aБакаларио, Пиердоменико
_bБ 16
245 _aЛовец на призраци
_cПиердоменико Бакаларио ; ил. Матео Пиана ; прев. Нели Раданова
260 _aСофия
_bФют
_c2019
_9209475
300 _a144 с.
_c21 см
380 _aDX
500 _aОриг. загл.: Will Moogley. Agenzia Fantasmi. Anche i fantasmi tremano / Pierdomenico Baccalario Кн. 4 от поредицата Агенция "Призраци"
700 _9391506
_aПиана, Матео
700 _9384719
_aРаданова, Нели Николова
852 _aЦб 303821
_bЦб
852 _bД
_c821-93/Б 16 П
942 _cKNG
_n0
_s1
_02
944 _aED
_c2020-10-06
_k30549
_lВася Ганчева
999 _c387838
_d387838